| 000 -LEADER |
| fixed length control field |
02119cam a22003857a 4500 |
| 001 - CONTROL NUMBER |
| control field |
15207365 |
| 003 - CONTROL NUMBER IDENTIFIER |
| control field |
OSt |
| 005 - DATE AND TIME OF LATEST TRANSACTION |
| control field |
20180116192417.0 |
| 008 - FIXED-LENGTH DATA ELEMENTS--GENERAL INFORMATION |
| fixed length control field |
080305s2007 nyua b 001 0 eng d |
| 010 ## - LIBRARY OF CONGRESS CONTROL NUMBER |
| LC control number |
2008295797 |
| 020 ## - INTERNATIONAL STANDARD BOOK NUMBER |
| International Standard Book Number |
1554073103 (hbk.) |
| 020 ## - INTERNATIONAL STANDARD BOOK NUMBER |
| International Standard Book Number |
9781554073108 (hbk.) |
| 035 ## - SYSTEM CONTROL NUMBER |
| System control number |
(OCoLC)ocn171171707 |
| 040 ## - CATALOGING SOURCE |
| Original cataloging agency |
IWL |
| Transcribing agency |
IWL |
| Modifying agency |
BAKER |
| -- |
YDXCP |
| -- |
MR0 |
| -- |
NPL |
| -- |
BTCTA |
| -- |
NOR |
| -- |
VP@ |
| -- |
DLC |
| 042 ## - AUTHENTICATION CODE |
| Authentication code |
lccopycat |
| 050 00 - LIBRARY OF CONGRESS CALL NUMBER |
| Classification number |
TS171 |
| Item number |
.B378 2007 |
| 082 04 - DEWEY DECIMAL CLASSIFICATION NUMBER |
| Classification number |
745 |
| 100 1# - MAIN ENTRY--PERSONAL NAME |
| Personal name |
Bayley, Stephen. |
| 9 (RLIN) |
6831 |
| 245 10 - TITLE STATEMENT |
| Title |
Design : |
| Remainder of title |
intelligence made visible / |
| Statement of responsibility, etc. |
Stephen Bayley, Terence Conran. |
| 260 ## - PUBLICATION, DISTRIBUTION, ETC. |
| Place of publication, distribution, etc. |
Buffalo, N.Y. ; |
| -- |
Richmond Hill, Ont. : |
| Name of publisher, distributor, etc. |
Firefly Books, |
| Date of publication, distribution, etc. |
2007. |
| 300 ## - PHYSICAL DESCRIPTION |
| Extent |
335 p. : |
| Other physical details |
ill. (some col.) ; |
| Dimensions |
29 cm. |
| 500 ## - GENERAL NOTE |
| General note |
Cover title. |
| 504 ## - BIBLIOGRAPHY, ETC. NOTE |
| Bibliography, etc. note |
Includes bibliographical references and index. |
| 505 00 - FORMATTED CONTENTS NOTE |
| Miscellaneous information |
A |
| Title |
note on good design / |
| Statement of responsibility |
Terence Conran -- |
| Miscellaneous information |
A |
| Title |
note on disegno / |
| Statement of responsibility |
Stephen Bayley -- |
| Miscellaneous information |
1. An |
| Title |
industrious love of art : the beginnings of design -- |
| Miscellaneous information |
2. |
| Title |
Lawful prey : mass-consumption -- |
| Miscellaneous information |
3. A |
| Title |
kilogram of stone or a kilogram of gold? : survival and revival of craft values -- |
| Miscellaneous information |
4. |
| Title |
Hygiene of the optical : the romance of the machine -- |
| Miscellaneous information |
5. The |
| Title |
cash value of art : America -- |
| Miscellaneous information |
6. La |
| Title |
Ricostruzione : Italy since the Fifties -- |
| Miscellaneous information |
7. |
| Title |
Ugly, inefficient, depressing chaos : symbolism and consumer psychology -- |
| Miscellaneous information |
8. |
| Title |
All that is solid melts into air : design since the Eighties -- |
| -- |
A-Z entries -- |
| -- |
National characteristics -- |
| -- |
Museums & institutions -- |
| -- |
Index -- |
| -- |
Acknowledgements. |
| 520 ## - SUMMARY, ETC. |
| Summary, etc. |
Includes the leading names, movements, materials and processes such as furniture, fashion, cars, graphics, products, signs and symbols that have influenced the world of design. |
| 650 #0 - SUBJECT ADDED ENTRY--TOPICAL TERM |
| Topical term or geographic name entry element |
Industrial design. |
| 9 (RLIN) |
6832 |
| 650 #0 - SUBJECT ADDED ENTRY--TOPICAL TERM |
| Topical term or geographic name entry element |
Art and design. |
| 9 (RLIN) |
6833 |
| 650 #0 - SUBJECT ADDED ENTRY--TOPICAL TERM |
| Topical term or geographic name entry element |
Design |
| General subdivision |
History. |
| 9 (RLIN) |
6834 |
| 650 #0 - SUBJECT ADDED ENTRY--TOPICAL TERM |
| Topical term or geographic name entry element |
Fashion design. |
| 9 (RLIN) |
6835 |
| 700 1# - ADDED ENTRY--PERSONAL NAME |
| Personal name |
Conran, Terence. |
| 9 (RLIN) |
6836 |
| 906 ## - LOCAL DATA ELEMENT F, LDF (RLIN) |
| a |
7 |
| b |
cbc |
| c |
copycat |
| d |
2 |
| e |
ncip |
| f |
20 |
| g |
y-gencatlg |
| 942 ## - ADDED ENTRY ELEMENTS (KOHA) |
| Source of classification or shelving scheme |
|
| Koha item type |
Book |